Essentials of anatomy and physiology / (Record no. 12130)
[ view plain ]
| 000 -LEADER | |
|---|---|
| fixed length control field | 00752cam a22002412 4500 |
| 001 - CONTROL NUMBER | |
| control field | 0000020230 |
| 005 - DATE AND TIME OF LATEST TRANSACTION | |
| control field | 20151217155228.0 |
| 008 - FIXED-LENGTH DATA ELEMENTS--GENERAL INFORMATION | |
| fixed length control field | 110905s xx 000 0 eng d |
| 020 ## - INTERNATIONAL STANDARD BOOK NUMBER | |
| International Standard Book Number | 0070172603 : |
| 040 ## - CATALOGING SOURCE | |
| Original cataloging agency | KABU |
| Transcribing agency | KABU |
| 100 1# - MAIN ENTRY--PERSONAL NAME | |
| Personal name | Seeley, Rod R. |
| -- | 0000180313 |
| 245 10 - TITLE STATEMENT | |
| Title | Essentials of anatomy and physiology / |
| Statement of responsibility, etc. | Rod R. Seeley, Trent D. Stephens, Philip Tate. |
| 250 ## - EDITION STATEMENT | |
| Edition statement | 4th ed. |
| 260 ## - PUBLICATION, DISTRIBUTION, ETC. (IMPRINT) | |
| Place of publication, distribution, etc. | Boston : |
| Name of publisher, distributor, etc. | McGraw Hill, |
| Date of publication, distribution, etc. | 2002. |
| 300 ## - PHYSICAL DESCRIPTION | |
| Extent | xix, 644 p. |
| 650 #0 - SUBJECT ADDED ENTRY--TOPICAL TERM | |
| Topical term or geographic name as entry element | Human physiology. |
| -- | 0000155597 |
| 650 #0 - SUBJECT ADDED ENTRY--TOPICAL TERM | |
| Topical term or geographic name as entry element | Human anatomy. |
| -- | 0000155598 |
| 700 1# - ADDED ENTRY--PERSONAL NAME | |
| Personal name | Stephens, Trent D. |
| -- | 0000180314 |
| 700 1# - ADDED ENTRY--PERSONAL NAME | |
| Personal name | Tate, Philip. |
| -- | 0000180315 |
| 852 1# - LOCATION | |
| -- | p1000 KES |
| 908 ## - PUT COMMAND PARAMETER (RLIN) | |
| Put command parameter | 110905 |
| 950 ## - LOCAL HOLDINGS (RLIN) | |
| -- | 1 |
| Withdrawn status | Lost status | Source of classification or shelving scheme | Not for loan | Home library | Current library | Date acquired | Total Checkouts | Total Renewals | Full call number | Barcode | Date last seen | Date last checked out | Price effective from | Koha item type |
|---|---|---|---|---|---|---|---|---|---|---|---|---|---|---|
| Library of Congress Classification | Kabarak, Main Campus | Kabarak, Main Campus | 17/12/2015 | 54 | 10 | QP34.5 .S44 2002 c. 1 | 21676 | 20/06/2025 | 12/06/2025 | 17/12/2015 | General Collection |